Southville International School and Colleges
Your cart is empty.
  • Cart
  • Lists
    Public lists Eva Luna New books Lux_list list_1
    Your lists Log in to create your own lists
  • Log in to your account
  • Your cookies
  • Search history
Southville International School and Colleges
  • Advanced search
  • Recent comments
  • Most popular
  • Libraries

Log in to your account

Log in with GOOGLE


If you do not have an external account, but do have a local account, you can still log in:

  1. Home
  2. MARC view: Dosage calculations made incredibly easy!. /
Normal view MARC view ISBD view

Dosage calculations made incredibly easy!. / (Record no. 14042)

[ view plain ]
MARC details
000 -LEADER
fixed length control field 02257cam a22004094a 4500
001 - CONTROL NUMBER
control field 15552090
003 - CONTROL NUMBER IDENTIFIER
control field OSt
005 - DATE AND TIME OF LATEST TRANSACTION
control field 20140310182523.0
008 - FIXED-LENGTH DATA ELEMENTS--GENERAL INFORMATION
fixed length control field 081209s2010 pauaf b 001 0 eng
010 ## - LIBRARY OF CONGRESS CONTROL NUMBER
LC control number 2008053297
016 7# - NATIONAL BIBLIOGRAPHIC AGENCY CONTROL NUMBER
Record control number 101491199
Source DNLM
020 ## - INTERNATIONAL STANDARD BOOK NUMBER
International Standard Book Number 9781605471976
020 ## - INTERNATIONAL STANDARD BOOK NUMBER
International Standard Book Number 1605471976
035 ## - SYSTEM CONTROL NUMBER
System control number (OCoLC)ocn280355600
040 ## - CATALOGING SOURCE
Original cataloging agency DNLM/DLC
Transcribing agency DLC
Modifying agency BTCTA
-- BAKER
-- YDXCP
-- NLM
-- C#P
-- IG#
-- DLC
042 ## - AUTHENTICATION CODE
Authentication code pcc
050 00 - LIBRARY OF CONGRESS CALL NUMBER
Classification number RS 57
Item number .D722 2010
245 00 - TITLE STATEMENT
Title Dosage calculations made incredibly easy!. /
260 ## - PUBLICATION, DISTRIBUTION, ETC. (IMPRINT)
Place of publication, distribution, etc Philadelphia :
Name of publisher, distributor, etc Wolters Kluwer Healt/Lippincott Williams & Wilkins,
Date of publication, distribution, etc c2010.
300 ## - PHYSICAL DESCRIPTION
Extent 378 p. :
Other physical details ill. ;
Dimensions 24 cm.
490 1# - SERIES STATEMENT
Series statement Incredibly easy
500 ## - GENERAL NOTE
General note Includes bibliographical references (p. 373) and index.
505 0# - FORMATTED CONTENTS NOTE
Formatted contents note Fractions -- Decimals and percentages -- Ratios, fractions, proportions, and solving for X -- Dimensional analysis -- Metric system -- Alternative measurement systems -- Drug orders -- Administration records -- Preventing drug errors -- Calculating oral drug dosages -- Calculating topical and rectal drug dosages -- Calculating parenteral injections -- Calculating I.V. infusions -- Calculating pediatric dosages -- Calculating obstetric drug dosages -- Calculating critical care dosages.
520 ## - SUMMARY, ETC.
Summary, etc Reviews the basic math needed to perform dosage calculation. It walks readers through the interpretation of hundreds of examples of drug orders and the performance of hundreds of complex dosage calculations.
650 #0 - SUBJECT ADDED ENTRY--TOPICAL TERM
Topical term or geographic name as entry element Pharmaceutical arithmetic.
9 (RLIN) 7809
650 12 - SUBJECT ADDED ENTRY--TOPICAL TERM
Topical term or geographic name as entry element Pharmaceutical Preparations
General subdivision administration & dosage
Form subdivision Nurses' Instruction.
9 (RLIN) 9410
650 22 - SUBJECT ADDED ENTRY--TOPICAL TERM
Topical term or geographic name as entry element Mathematics
Form subdivision Nurses' Instruction.
9 (RLIN) 9411
710 2# - ADDED ENTRY--CORPORATE NAME
Corporate name or jurisdiction name as entry element Lippincott Williams & Wilkins.
9 (RLIN) 7366
830 #0 - SERIES ADDED ENTRY--UNIFORM TITLE
Uniform title Incredibly easy (Philadelphia, Pa.)
9 (RLIN) 8793
856 42 - ELECTRONIC LOCATION AND ACCESS
Materials specified Publisher description
Uniform Resource Identifier <a href="http://www.loc.gov/catdir/enhancements/fy0916/2008053297-d.html">http://www.loc.gov/catdir/enhancements/fy0916/2008053297-d.html</a>
856 41 - ELECTRONIC LOCATION AND ACCESS
Materials specified Table of contents only
Uniform Resource Identifier <a href="http://www.loc.gov/catdir/enhancements/fy1012/2008053297-t.html">http://www.loc.gov/catdir/enhancements/fy1012/2008053297-t.html</a>
906 ## - LOCAL DATA ELEMENT F, LDF (RLIN)
a 7
b cbc
c orignew
d 1
e ecip
f 20
g y-gencatlg
942 ## - ADDED ENTRY ELEMENTS (KOHA)
Source of classification or shelving scheme Library of Congress Classification
Koha item type
Holdings
Withdrawn status Lost status Source of classification or shelving scheme Damaged status Home library Current library Shelving location Date acquired Total Checkouts Full call number Barcode Date last seen Copy number Price effective from Koha item type Source of acquisition
    Library of Congress Classification   South SEED-LPDH College Library South SEED-LPDH College Library South SEED-LPDH College Section 08/12/2013   RS 57 .D724 2010 SSLC0404 04/20/2017 1 08/12/2013 Books  
    Library of Congress Classification   South SEED-LPDH College Library South SEED-LPDH College Library South SEED-LPDH College Section 08/13/2013   RS 57 .D722 2010 SSLC0369 04/20/2017 2 08/13/2013 Books Donation

Dosage calculations made incredibly easy!. /

APA

Lippincott Williams & Wilkins, . (2010). Dosage calculations made incredibly easy!. Philadelphia: Wolters Kluwer Healt/Lippincott Williams & Wilkins.

Chicago

Lippincott Williams & Wilkins, . 2010. Dosage calculations made incredibly easy!. Philadelphia: Wolters Kluwer Healt/Lippincott Williams & Wilkins.

Harvard

Lippincott Williams & Wilkins, . (2010). Dosage calculations made incredibly easy!. Philadelphia: Wolters Kluwer Healt/Lippincott Williams & Wilkins.

MLA

Lippincott Williams & Wilkins, . Dosage calculations made incredibly easy!. Philadelphia: Wolters Kluwer Healt/Lippincott Williams & Wilkins. 2010.

  • Place hold
  • Print
  • Cite
  • Add to your cart (remove)
  • Save record
    BIBTEX Dublin Core MARCXML MARC (non-Unicode/MARC-8) MARC (Unicode/UTF-8) MARC (Unicode/UTF-8, Standard) MODS (XML) RIS
  • More searches
    Search for this title in:
    Other Libraries (WorldCat) Other Databases (Google Scholar) Online Stores (Bookfinder.com) Open Library (openlibrary.org)

Exporting to Dublin Core...

SOUTHVILLE LIBRARY

Southville International School and Colleges Library

1281 Tropical Ave. Cor. Luxembourg St., BF Homes International, Las Pinas City

Tel. No. 8256374 / 252358 Loc. 117/146

Powered by Koha